000 01254nam a22002657a 4500
999 _c349888
_d349888
001 63817
003 UA-OsUOA
005 20190718232104.0
007 ta
008 20091021b un ||||| |||| 00| 0 ukr d
020 _a966-7631-62-1
040 _aUA-OsUOA
_bukr
_cUA-OsUOA
_dUA-OsUOA
041 _aukr
080 _a94(082)
090 _a94(082)
_bН34
245 _aНаукові записки Національного університету "Острозька академія": Історичні науки
_cПасічник І.Д.
260 _aОстрог
_bНаУОА
_c2003
300 _a336 с.
520 3 _aДо збірника увійшли статті і повідомлення з актуальних проблем українсько-польських відносин від найдавніших часів до сьогодення. у науковий обіг вводиться чимало невідомих або ж маловживаних джерельних матеріалів.Для викладачів, науковців, студенті
520 3 _aв.
650 7 _a9 Географія. Біографії. Історія
_2UDC
942 _cBK
_2udc
955 _a2